| 000 | 00786nam a2200241Ia 4500 | ||
|---|---|---|---|
| 001 | 20067 | ||
| 003 | GE_BSU | ||
| 008 | 181216s||||||||xx |||||||||||||| ||und|| | ||
| 040 | _cGE_BSU | ||
| 080 | _a629.33(075.8) | ||
| 100 | _aდვალი, რ. | ||
| 245 | _aავტომობილის თეორია. | ||
| 245 | _cრედ. გ. რაზმაძე | ||
| 260 | _aთბილისი | ||
| 260 | _bსაქ. პოლიტექნ. ინ-ტის გამ-ბა და სტ | ||
| 260 | _c1960 | ||
| 300 | _a222გვ. : ნახ. ; 22სმ. | ||
| 300 | _eბიბლიოგრ: გვ. 220 | ||
| 541 | _h10 ლ. | ||
| 653 | _aავტომობილი | ||
| 653 | _aავტომობილის თეორია. | ||
| 942 | _cBK | ||
| 999 |
_c53031 _d53031 |
||